[Event "9th Edmonton International"]
[Site "Edmonton"]
[Date "2014.06.24"]
[Round "4.1"]
[White "So, Wesley"]
[Black "Ivanchuk, Vassily"]
[Result "1/2-1/2"]
[WhiteElo "2744"]
[BlackElo "2738"]
[PlyCount "118"]
[EventDate "2014.06.29"]
[EventType "tourn"]
[EventRounds "9"]
[EventCountry "CAN"]
[SourceDate "2013.09.08"]

1. e4 c5 2. Nf3 e6 3. d4 cxd4 4. Nxd4 Nc6 5. Nc3 a6 6. Be3 Nf6 7. Qd2 e5 $5 {
This move had been played only twice before! Curiously, one of the games was
Molner - Kovalyov, 2014, that I annotated for the March 2014 edition of Chess
Canada.} 8. Nf5 d5 9. exd5 Nb4 10. Ng3 Nfxd5 11. a3 ({The aforementioned game
continued} 11. Bg5 f6 12. Nxd5 Qxd5 13. Qxd5 Nxd5 14. O-O-O Be6 {Anton
equalized fairly comfortably and then outplayed his opponent in an instructive
endgame.}) {Wesley tries a different approach but can’t get any opening
advantage either.} 11... Nxe3 12. fxe3 Qxd2+ 13. Kxd2 Nc6 {The computer
evaluates this position as equal. In fact, Black's play is easier thanks to
the bishop pair and a better pawn structure.} 14. Bc4 Bg4 15. h3 Rd8+ 16. Ke1
Bd7 17. Rf1 f6 18. Ke2 Na5 19. Ba2 Rc8 20. Kd3 b5 21. Nd5 Nc4 22. Bxc4 Rxc4 23.
Nb6 Rc6 24. Nxd7 Kxd7 25. c3 g6 26. Ne4 Be7 27. Ke2 Ke6 28. g4 h5 29. Rh1 a5
30. Nd2 {Vassily outplayed his opponent and achieved a sizeable lead.} b4 $6 {
This, however, gives White a chance that Wesley does not miss.} ({Instead,
after} 30... Rcc8 31. Rag1 Rcg8 {Black is ready to utilize his kingside pawn
majority.}) 31. axb4 axb4 32. c4 b3 33. g5 $1 {The purpose of this excellent
pawn sacrifice is to keep the h-file closed.} fxg5 34. Ra7 Rb8 35. Rc1 $6 (35.
Rg1 $5 {preventing Black's next maintains equality.}) 35... g4 $1 36. hxg4 hxg4
37. Rg1 Rh8 38. Rg2 Bb4 $2 {Unfortunately, Black misses the strongest
continuation.} ({Instead, after} 38... g3 $1 {White is facing new problems as}
39. Rxg3 $2 {loses material to} Rh2+) 39. Rxg4 $1 {The move that saves the
game.} Kf5 {Black has to be satisfied with equality.} (39... Rh2+ 40. Kf3 Rxd2
$2 {doesn't work because of} 41. Rxg6+ Kf5 42. Rxc6) {The game went on for
another 20 moves but the peaceful outcome was never in doubt.} 40. Rg2 Bxd2 41.
Rf7+ Ke6 42. Rg7 Rxc4 43. R2xg6+ Kd5 44. Rd7+ Kc5 45. Rc7+ Kb5 46. Rxc4 Kxc4
47. Rg4+ Kd5 48. Kxd2 Rc8 49. Kd3 Rc2 50. Rb4 Rxb2 51. Rb5+ Kd6 52. Kc3 Rb1 53.
Rxb3 Rxb3+ 54. Kxb3 Kd5 55. Kc3 Ke4 56. Kd2 Kf3 57. Kd3 Kf2 58. Ke4 Ke2 59.
Kxe5 Kxe3 1/2-1/2

[Event "9th Edmonton International"]
[Site "Edmonton"]
[Date "2014.06.24"]
[Round "4.2"]
[White "Krush, Irina"]
[Black "Shankland, Sam"]
[Result "1/2-1/2"]
[WhiteElo "2484"]
[BlackElo "2632"]
[Annotator "Shankland, Samuel"]
[PlyCount "129"]
[EventDate "2014.06.29"]
[EventType "tourn"]
[EventRounds "9"]
[EventCountry "CAN"]
[SourceDate "2013.09.08"]

1. d4 {The Edmonton International was far from my best event, but in spite of
some really poor play in a lot of key moments I did produce some interesting
games. Ironically the most interesting was my only draw of the tournament,
against the reigning US Women's Champion} d5 2. c4 e6 {I'm not much of a QGD
player but I felt like playing solidly and playing a long game} 3. Nc3 Nf6 4.
cxd5 exd5 5. Bg5 c6 6. e3 {This is the old move. Probably good enough for a
slight edge but black is very solid in the resulting ending} (6. Qc2 {This is
more common at top level nowadays}) 6... Bf5 7. Qf3 Bg6 8. Bxf6 Qxf6 9. Qxf6
gxf6 {The next 15 moves are uninteresting} 10. Kd2 Nd7 11. Bd3 Nb6 12. b3 a5
13. a4 Rg8 14. g3 Bb4 15. Nge2 Rc8 16. Rac1 Ke7 17. Nf4 Nd7 18. Ke2 Bd6 19.
Rhg1 Bxf4 20. gxf4 Bxd3+ 21. Kxd3 f5 22. Rg3 Nf6 23. Rcg1 Rg6 24. f3 Rcg8 25.
Rg5 {So far the game had been going exactly as I had hoped. Black has managed
to push a white pawn to the f4 square, depriving the white pieces of it, and
his doubled fpawns can hardly be exploited. At the same time, one day he can
hope to make use of the queenside majority. While the position is surely drawn
with proper play, I was reasonably optimistic here.} h6 $2 {This is the first
really notable moment of the game. I has studied very similar endings where
all the rooks get traded and only knights are left, which generally favors
black. However, I failed to realize the the pawn is actually much worse on g6
than f7 because now white has an active plan- Ne5.} (25... Ke6 {Something like
this was prudent. It's not too easy for white to come up with a plan} 26. Ne2
Ne8 $1 {The knight heads for d6. Then f6 wil come} 27. h4 {This is natural but
plays into black's hands} (27. R1g3 Nd6) 27... f6 28. Rxg6 Rxg6 29. Rxg6 hxg6 {
This would be what I am aiming for. White's play on the previous moves was
complacent but it's clear black actually has a plan}) 26. Rxg6 Rxg6 27. Rxg6
fxg6 28. h4 Kd6 29. Ne2 Nh5 $6 {Too ambitious. I still had not noticed white
has a plan} (29... c5 {Black should have no troubles here. I would expect a
draw promptly}) 30. Kc3 Kc7 31. Kd2 Ng7 32. Nc1 {Now it occurred to me Ne5 is
coming} Ne6 33. Nd3 Kd6 34. Ne5 c5 $6 {Objectively a poor move, but if I had
played the prudent Nf8, the game would have been far less interesting...} (
34... Nf8 {Black is a bit passive but solid enough. I don't think he should
have any problems making a draw} 35. Nf7+ {White will trap his own knight} (35.
Kc3 b5 36. b4 axb4+ 37. Kxb4 bxa4 38. Kxa4 c5 $11) 35... Ke7 36. Nxh6 Kf6) 35.
dxc5+ Kxc5 36. Nxg6 Kb4 {Let the fun begin} 37. Kc2 Nc5 38. Ne7 d4 $1 {The
computer hates this one, but it does slow white's pawns down a lot.
Incidentally I hate the computer's suggestion, so we don't get along too well.}
(38... Nxb3 39. Nxf5 h5 40. e4 $18 {The engine prefers this to what I played.
I find it unfathomable}) 39. exd4 Nxb3 40. Nxf5 Kxa4 {Here we see the point of
playing d4. White does not get connected passers and Nch6 can be met with
Nxd4+, trading another pawn and running to f8 really fast} 41. h5 (41. Nxh6 $2
Nxd4+ 42. Kd3 Ne6 43. f5 Nf8 {White's pawns are too uncoordinated for any real
winning chances}) (41. d5 $1 {This was probably a bit more accurate. White
will play d6, forcing Nc5, and then get Kb2 before black can go Ka3} b5 (41...
h5 42. Ng7 {Doesn't really change anything}) 42. Nxh6 Nd4+ (42... Ka3 43. Nf5
$1 {Black is unable to get Nd4+ in}) 43. Kb2 {computer says +8}) 41... b5 42.
d5 (42. Nxh6 {This also worked because the pawn on b5 prevents the black King
from running back} Nxd4+ 43. Kb2 Ne6 44. Nf7 $1 $18) 42... Ka3 $1 {The best
practical chance in a lost position. Nd4+ will gain a crucial tempo} (42... b4
$2 43. Nxh6 Nd4+ 44. Kb2 $1 $18 {The king on b2 stops everything}) (42... Nc5
$2 43. Nxh6 b4 44. Nf5 b3+ 45. Kb1 {The knight on f5 gets back to the defense
very quickly, then the hpawn goes}) 43. Nxh6 $1 {Taking the bait} (43. d6 {
Advancing this pawn is not particularly important. White wants to go Nxh6 and
queen the hpawn, not the dpawn, and this tempo turns out to be huge} Nc5 44.
Nxh6 b4 45. Kb1 b3 46. Nf7 Na4 47. d7 Nc3+ 48. Kc1 b2+ 49. Kd2 b1=Q 50. d8=Q {
White retains some winning chances but I think black should hold without a ton
of trouble}) 43... Nd4+ 44. Kd3 $2 {Not throwing the win away, but making it
harder. This is a very unfortunate square for the white king} (44. Kd2 $1 {
White needed to leave the d3 square for the knight} b4 45. Ng4 b3 46. Ne5 Ka2
47. Nd3 (47. Nc4 {This also wins} Nf5 48. d6 $1 {A key recource available
because b1=Q does not come with check} Nxd6 49. Nxd6 $1 b2 50. Ne4 $18)) (44.
Kb1 $4 {One can dream} Kb3 $1 45. d6 a4 46. Nf5 Nc2 $1 {And black wins}) 44...
b4 45. Ng4 (45. Kxd4 $2 b3 46. d6 b2 47. d7 (47. Nf7 $1 {Ironically this is
still a draw}) 47... b1=Q 48. d8=Q {White queens as well with an extra knight,
but...} Qd1+ {The tables have turned}) 45... b3 46. Ne5 Ka2 47. Nc4 Nf5 {Now
the white pawns are blockaded nicely and black has some counterplay} 48. Kc3 a4
49. Kb4 $2 {Finally white slips up and allows a draw. h6 was winning, but this
is much easier to say with an engine running. I expected Kb4 during the game
as well} (49. h6 $1 Nxh6 50. d6 $1 Nf7 51. d7 $1 Nd8 (51... a3 52. Kb4 {Never
helped anyone}) 52. f5 $1 Nf7 53. f4 $1 (53. f6 $2 a3 $1 54. Kb4 b2 55. Nxa3
Ne5 $1) 53... Nd8 54. f6 $1 {After a very precise 5 move sequence only a
silicon brain can understand, white is indeed winning} Nf7 55. Ne5 b2 56. Nxf7
b1=Q 57. d8=Q $18) 49... a3 $1 (49... Ne3 {This draws as well. I missed that
Nxe3? b2 Nd1 b1/Q Nc3+ fails to Qxb4. This is how one knows they are off form..
.}) 50. Nxa3 b2 $11 {This guy will queen} 51. Ka4 (51. h6 Ne3 $1 {Should lead
to the same position as the game}) 51... Nd6 52. h6 Nc4 53. h7 Nxa3 54. h8=Q
b1=Q 55. Qh2+ {White is rather fortunate to have this check. If the pawn were
on f2, black would be winning} Nc2 56. Qd2 Qb3+ 57. Ka5 Qc4 58. Kb6 Kb3 59. d6
Nd4 60. Qd1+ Kb4 61. Qe1+ Kb3 62. Qb1+ Ka3 63. Qa1+ Kb3 64. Qb1+ Ka3 65. Qa1+ {
A wild game, largely due to the poor play by both sides, but a fascinating one
to analyze. Regrettably I was unable recreate all the gems from the 5 player
post-mortem, but hopefully I was able to show some nice lines in what
initially looked like a very boring and equal endgame. I'd like the thank the
Edmonton Chess Club for inviting me, and with any luck I'll be able to show
better chess in future editions.} 1/2-1/2

[Event "9th Edmonton International"]
[Site "Edmonton"]
[Date "2014.06.27"]
[Round "6.1"]
[White "Krush, Irina"]
[Black "Ivanchuk, Vassily"]
[Result "1/2-1/2"]
[WhiteElo "2484"]
[BlackElo "2738"]
[PlyCount "160"]
[EventDate "2014.06.29"]
[EventType "tourn"]
[EventRounds "9"]
[EventCountry "CAN"]
[SourceDate "2013.09.08"]

1. d4 Nf6 2. c4 e6 3. Nc3 Bb4 4. e3 c5 5. Bd3 d5 6. Nf3 cxd4 7. exd4 dxc4 8.
Bxc4 Qc7 9. Qd3 O-O 10. O-O Bxc3 11. bxc3 Nbd7 12. Bg5 b6 13. Bh4 Nh5 14. Bb3
Bb7 15. Ng5 Ndf6 16. f3 Rac8 17. Rac1 Rfd8 18. Rfe1 Bd5 19. Ne4 Qf4 20. Nxf6+
Nxf6 21. Bf2 Bxb3 22. axb3 Nd5 23. Bg3 Qf6 24. Qd2 a5 25. c4 Nb4 26. Bf2 h6 27.
Rcd1 Rd7 28. Qe2 Qf5 29. Rd2 {White's position looks solid and slightly better
thanks to the strong center. However, Black's next shakes the foundation of
White's position to the core and invites her to go for broke.} b5 $5 30. d5 $6
({The computer recommends a restrained} 30. Ra1 bxc4 31. bxc4 {maintaining a
slight plus.}) 30... bxc4 31. dxe6 Rxd2 32. Qxd2 cxb3 ({Right after the game
the opponents analyzed} 32... Nd3 {which Vassily thought might be better than
the text move.} {The computer finds a defence, however:} 33. Re4 $3 {The most
interesting line here is} cxb3 34. Qxd3 Rc1+ 35. Be1 Rxe1+ 36. Rxe1 Qxd3 37. e7
b2 38. e8=Q+ Kh7 39. Qb8 {The computer evaluates this position as a draw, e.g.,
} Qc3 40. Kf1 a4 41. Qb5 Qc2 42. Qb4 Qd3+ 43. Kf2 a3 44. Kg3 Qg6+ 45. Kh3 Qf5+
{etc.}) 33. Qd7 {The only move.} (33. e7 $2 Re8 34. Qd8 Qb5 $1 {and White is
out of ideas.}) 33... Rf8 34. Qa4 {The time pressure is taking its toll, and
White decides to accept an endgame a pawn down.} ({Instead,} 34. Bd4 $1 {leads
to equality. The point is that the e6-pawn cannot be captured because of the
checkmate.}) 34... fxe6 35. Qxb3 Rf6 36. Bd4 Nc2 37. Re4 Nxd4 38. Rxd4 Qc5 39.
Qe3 Qb6 40. Kf2 Rf5 {Despite mutual inaccuracies in time pressure Black
reached the time control with a clean extra pawn. However, White was able to
hold the endgame by tenacious defence.} 41. Re4 Qb2+ 42. Qe2 Qxe2+ 43. Kxe2 Kf7
44. Rc4 Rb5 45. Rc7+ Kf6 46. Ra7 Rb2+ 47. Kf1 Ra2 48. h4 g6 49. Kg1 a4 50. Kh2
a3 51. Ra5 Ke7 52. Ra6 Kd7 53. Kg3 Ke7 54. Kh3 Ra1 55. Kg3 Kf6 56. Kf4 Ra2 57.
g4 g5+ 58. hxg5+ hxg5+ 59. Kg3 Ra1 60. Ra5 e5 61. Kg2 Ke6 62. Kf2 Ra2+ 63. Kg3
Kd6 64. Kh3 Kc6 65. Rxe5 Kb6 66. Re6+ Kb5 67. Re5+ Kb4 68. Re4+ Kc3 69. Re3+
Kd2 70. Re5 Ra1 71. Kg2 a2 72. Ra5 Kc3 73. Ra8 Kb3 74. Rb8+ Kc3 75. Rc8+ Kb3
76. Rb8+ Kc3 77. Rc8+ Kb3 78. Rb8+ Kc3 79. Ra8 Kb3 80. Rb8+ Kc3 1/2-1/2

[Event "9th Edmonton International"]
[Site "Edmonton"]
[Date "2014.06.27"]
[Round "6.3"]
[White "Wang, Richard"]
[Black "Shankland, Samuel"]
[Result "1-0"]
[WhiteElo "2365"]
[BlackElo "2632"]
[PlyCount "73"]
[EventDate "2014.06.29"]
[EventType "tourn"]
[EventRounds "9"]
[EventCountry "CAN"]
[SourceDate "2013.09.08"]

1. d4 Nf6 2. Nf3 e6 3. e3 b6 4. Bd3 Bb7 5. O-O d5 6. b3 Be7 7. Bb2 O-O 8. Ne5
Nbd7 9. Nd2 c5 10. f4 cxd4 11. exd4 Ne4 12. Nxe4 dxe4 13. Bc4 Bd5 14. Qe2 f5
15. Rad1 Qc7 16. Ba6 Rad8 17. c4 Ba8 18. a3 Bf6 19. b4 Nb8 20. Bb5 Bc6 21. Nxc6
Nxc6 22. d5 Bxb2 23. Qxb2 exd5 24. cxd5 Ne7 25. Qd4 Qd6 26. Bc4 Rc8 27. Bb3 Ng6
28. g3 Rc7 $2 {As Richard pointed out, this is Black's first real mistake in
the game.} ({Instead, after} 28... Rfd8 {the position is equal.}) 29. Rc1 $1 {
Now all of a sudden White is winning!} Rff7 ({The planned} 29... Rfc8 {fails to
} 30. Rc6 $1 {For example,} Qd8 31. Rfc1 Kh8 32. Rxc7 Rxc7 33. Rxc7 Qxc7 34. d6
Qd8 35. Qd5 {and the d-pawn is unstoppable.}) 30. Rfd1 {Renewing the threat of
Rc6.} Rxc1 31. Rxc1 Ne7 32. Qe5 {White's position is overwhelming; Black's
defeat is inevitable.} Rf6 33. Rc7 (33. Qxe7 Qxe7 34. d6+ {wins immediately.})
33... Kf8 34. Rxa7 g5 35. Ra8+ Kf7 36. Ra7 Kf8 37. Rd7 ({Black resigned in
view of} 37. Rd7 Qxd7 38. Qxf6+ Ke8 39. Qh8+ Kf7 40. d6+) 1-0

[Event "9th Edmonton International"]
[Site "Edmonton"]
[Date "2014.06.27"]
[Round "7.4"]
[White "Yam, Alex"]
[Black "Krush, Irina"]
[Result "1-0"]
[WhiteElo "2299"]
[BlackElo "2484"]
[PlyCount "97"]
[EventDate "2014.06.29"]
[EventType "tourn"]
[EventRounds "9"]
[EventCountry "CAN"]
[SourceDate "2013.09.08"]

1. e4 e6 2. d3 d5 3. Nd2 c5 4. Ngf3 Nc6 5. g3 Bd6 6. Bg2 Nge7 7. O-O O-O 8. Re1
Bc7 9. c3 d4 10. Nb3 b6 11. cxd4 cxd4 12. e5 Rb8 13. Bg5 Bb7 14. Rc1 Re8 15.
Qd2 Qd7 16. h4 {White obtained a good position out of the opening but
underestimated Black's play against the e5-pawn.} Ng6 $1 {What to do now?} 17.
Bf6 $5 {Objectively, a dubious move but the computer's alternative doesn't
inspire at all.} ({The silicon brain advocates} 17. Nh2 Ncxe5 18. Bxb7 Rxb7 19.
h5 Ne7 {but White's compensation for the lost pawn is insufficient.}) 17...
gxf6 18. exf6 Bd8 19. Qg5 Kh8 $2 {Now the situation changes dramatically.} ({
Returning the piece by means of} 19... e5 $1 20. h5 Qd6 $1 21. hxg6 hxg6 {
allows Black to consolidate and then get rid of the nail on f6.}) 20. Nbxd4 $1
{Black must have missed this blow.} Rg8 {Alas.} ({The point is that} 20... Nxd4
{runs into} 21. Ne5 $1 Qb5 22. h5 {with a crushing attack. For example,} Kg8
23. hxg6 hxg6 24. Rc4 Nf5 25. Nxg6 {etc.}) 21. Rxc6 Bxc6 22. Nxc6 Qxc6 23. Qh5
$1 {The knight jump to g5 is going to be lethal so it's high time for
desperate measures.} Nf4 24. gxf4 Rxg2+ 25. Kxg2 Bxf6 26. Qxf7 Rg8+ 27. Kf1
Bxb2 28. Ng5 Qh1+ 29. Ke2 Qxh4 30. Rg1 Bg7 31. Rg3 Rc8 {After Black's mistake
on move 19 White has played excellently and achieved and overwhelming position.
Unfortunately, the rest of the game was marred by mutual mistakes in time
pressure but there is no doubt that Alex fully deserved his first GM scalp.}
32. Nf3 Qf6 33. Qxa7 Bh6 34. Ne5 Rf8 35. Qxb6 Qxf4 36. Qe3 Qf6 37. Qd4 Bf4 38.
Rf3 Kg8 39. Nc6 e5 40. Qd5+ Kg7 41. d4 exd4 42. Nxd4 Qa6+ 43. Nb5 Qg6 44. Qd4+
Kg8 45. Rxf4 Qc2+ 46. Kf3 Qc6+ 47. Qe4 Rxf4+ 48. Kxf4 Qxb5 49. Qe6+ 1-0